| 000 | 00926naa a2200253 c 4500 | ||
|---|---|---|---|
| 001 | 27220 | ||
| 003 | ES-MaCES | ||
| 005 | 19981124124700.0 | ||
| 008 | 950419n1994 sp ||| | spa d | ||
| 035 | _aCES19980011552v | ||
| 040 |
_aES-MaCES _bspa _cES-MaCES |
||
| 100 | 1 |
_aGil Villanueva, Mario _913400 |
|
| 245 | 1 | 3 |
_aLa inspección de trabajo _b: visión internacional e interna : especial referencia a su encuadramiento autonómico _cMario Gil Villanueva |
| 504 | _aBibliografía | ||
| 650 | 4 |
_aComunidades Autónomas _930768 |
|
| 650 | 4 |
_aEspaña _926964 |
|
| 650 | 4 |
_aadministración pública _927214 |
|
| 650 | 4 |
_ainspección del trabajo _928213 |
|
| 653 | 1 | 0 | _aAdministración-Instituciones públicas |
| 773 | 0 |
_tRevista de treball _gValencia. - N. 23 (mayo-ag. 1994) ; p. 107-122 _w(ES-MaCES)25428 |
|
| 902 | _aART Artículo de revista | ||
| 942 |
_2CES _cAR _h6.3. |
||
| 999 |
_c27220 _d27220 |
||